| 000 | 00660nam a22001695i 4500 | ||
|---|---|---|---|
| 001 | 165521 | ||
| 003 | ES-MaACL | ||
| 005 | 20230906213144.0 | ||
| 008 | 130528s1870 sp |||| | spa d | ||
| 100 | 0 |
_aPonson du Terrail, Pierre Alexis de. _993038 |
|
| 245 | 1 | 0 |
_aLos misterios de una raza _b: novela escrita en francés / _cpor señor Ponson du Terrail. |
| 260 |
_aMadrid : _b[s.n.], _c1870 ( _fImp. de la Correspondencia de España) |
||
| 300 |
_a199 p. ; _c22 cm. |
||
| 500 | _aPrecede al tit.: La Correspondencia de España. | ||
| 500 | _aTexto a dos columnas. | ||
| 852 |
_aES-MaACL _jG-4759(1) _z-- Enc. en un vol. facticio _z.- Legado M. de la Fuente |
||
| 999 |
_c165521 _d165521 |
||